Simpson's Forensic Medicine / Thirteenth Edition (Record no. 6094)
[ view plain ]
| 000 -LEADER | |
|---|---|
| fixed length control field | 01549cam a22002414a 4500 |
| 005 - ΗΜΕΡΟΜΗΝΙΑ ΚΑΙ ΩΡΑ ΤΕΛΕΥΤΑΙΑΣ ΕΝΗΜΕΡΩΣΗΣ | |
| Πεδίο ελέγχου | 20250605164233.0 |
| 008 - FIXED-LENGTH DATA ELEMENTS--GENERAL INFORMATION | |
| Πεδίο ελέγχου σταθερού μήκους | 250528s ||||||||||||||||||||||||d |
| 035 ## - SYSTEM CONTROL NUMBER | |
| System control number | 21020 |
| 020 ## - ISBN | |
| ISBN | 9780340986035 |
| 040 ## - ΠΗΓΗ ΚΑΤΑΛΟΓΟΓΡΑΦΗΣΗΣ | |
| Φορέας πρωτότυπης καταλογογράφησης | MC Athens Campus Library |
| Γλώσσα καταλογογράφησης | Ελληνικά, Μοντέρνα (1453-) |
| Modifying agency | MC Athens Campus Library |
| Κανόνες περιγραφικής καταλογογράφησης | AACR2 |
| 245 1# - ΤΙΤΛΟΣ ΚΑΙ ΔΗΛΩΣΗ ΥΠΕΥΘΥΝΟΤΗΤΑΣ | |
| Τίτλος | Simpson's Forensic Medicine / Thirteenth Edition |
| 250 ## - EDITION STATEMENT | |
| Edition statement | 13th |
| 260 ## - PUBLICATION, DISTRIBUTION, ETC. | |
| Name of publisher, distributor, etc. | Crc Press, |
| Date of publication, distribution, etc. | 2011 |
| 300 ## - PHYSICAL DESCRIPTION | |
| Extent | 256 |
| 520 ## - SUMMARY, ETC. | |
| Summary, etc. | This book presents all about the interface between medicine and the law, including forensic toxicology, forensic science, forensic odontology, forensic anthropology and both the legal obligations and ethical responsibilities of those working in forensics settings. Forward, Preface, Principles of Forensic Practice, The Ethics of Medical Practice, The Medical Aspects of Death, Identification of the Living and the Dead, The Appearance of the Body After Death, Unexpected and Sudden Death from Natural Causes, Deaths and Injury in Infancy, Assessment and Classification and Documentation of Injury, Regional Injuries, Use of Force and Restraint, Sexual Assault, Child Assault and Protection, Transportation Medicine, Asphyxia, Immersion and Drawing, Heat and Cold and Electrical Trauma, Principles of Toxicology, Alcohol, Licit and Illicit Drugs, Medicinal Poisons, Principles of Forensic Science, Allied Forensic Specialties, Appendices, Index. |
| 700 1# - ΠΡΟΣΘΕΤΗ ΑΝΑΓΡΑΦΗ--ΦΥΣΙΚΟ ΠΡΟΣΩΠΟ | |
| Personal name | Jones Richard |
| 9 (RLIN) | 7041 |
| 700 1# - ΠΡΟΣΘΕΤΗ ΑΝΑΓΡΑΦΗ--ΦΥΣΙΚΟ ΠΡΟΣΩΠΟ | |
| Personal name | Karch Steven B |
| 9 (RLIN) | 7042 |
| 700 1# - ΠΡΟΣΘΕΤΗ ΑΝΑΓΡΑΦΗ--ΦΥΣΙΚΟ ΠΡΟΣΩΠΟ | |
| Personal name | Manlove John |
| 9 (RLIN) | 7043 |
| 700 1# - ΠΡΟΣΘΕΤΗ ΑΝΑΓΡΑΦΗ--ΦΥΣΙΚΟ ΠΡΟΣΩΠΟ | |
| Personal name | Payne-James Jason |
| 9 (RLIN) | 7044 |
| 942 ## - ADDED ENTRY ELEMENTS (KOHA) | |
| Koha item type | Books |
| Τύπος τεκμηρίου | Βιβλιοθήκη | Τρέχουσα τοποθεσία | Barcode | Αριθμός εισαγωγής | Ημερομηνία απόκτησης | Ταξιθετικό σύμβολο | Αριθμός αντιτύπου | Κατάσταση απόσυρσης | Κατάσταση χαμένου | Κατάσταση κατεστραμμένου | Μη δανεισμός | Σύνολο δανεισμών | Ημερομηνία τελευταίας εμφάνισης | Η τιμή ισχύει από |
|---|---|---|---|---|---|---|---|---|---|---|---|---|---|---|
| Books | MC Athens Campus Library | MC Athens Campus Library | 9780000060938 | 6809 | 05/06/2025 | 614.1 PAY | 1 | 05/06/2025 | 05/06/2025 |